000 01671cam a22003254a 4500
999 _c232849
_d232849
001 13884525
003 Nust
005 20170223164145.0
008 050228s2003 enk b 101 0 eng
010 _a 2005042905
020 _a1403947171
040 _aDLC
_cDLC
_dDLC
042 _apcc
043 _af------
_aa------
050 0 0 _aHC499.Z9
_bE557 2003
082 0 0 _a338.9/27/091767
_222
111 2 _aInternational Conference on Islamic Economics and Finance
_n(5th :
_d2003 :
_cManama, Bahrain)
245 1 0 _aIslamic perspectives on sustainable development /
_cedited by Munawar Iqbal.
260 _aHoundmills, Basingstoke, Hampshire ;
_aNew York :
_bPalgrave Macmillan,
_c2003.
300 _axxl, 242 p. ;
_c24 cm.
500 _aPapers from the 5th International Conference on Islamic Economics and Finance, held Oct. 7-9, 2003 in Manama, Bahrain.
504 _aIncludes bibliographical references and index.
650 0 _aSustainable development
_zIslamic countries
_vCongresses.
650 0 _aEconomics
_xReligious aspects
_xIslam
_vCongresses.
700 1 _aIqbal, Munawar.
856 4 2 _3Contributor biographical information
_uhttp://www.loc.gov/catdir/enhancements/fy0624/2005042905-b.html
856 4 2 _3Publisher description
_uhttp://www.loc.gov/catdir/enhancements/fy0624/2005042905-d.html
856 4 1 _3Table of contents only
_uhttp://www.loc.gov/catdir/enhancements/fy0624/2005042905-t.html
906 _a7
_bcbc
_corignew
_d1
_eocip
_f20
_gy-gencatlg
942 _2ddc
_cBK